Band Name: Picture Clues - Statistics

General Stats
  • This quiz has been taken 182 times
  • The average score is 12 of 25
Answer Stats
Picture Hint Answer % Correct
1953 The Flamingos
91%
1973 Camel
77%
1981 Black
76%
1974 (Green Area in centre of pic) Kansas
67%
1996 Train
67%
1975 Television
63%
1957 The Crickets
63%
1986 (European band) The Sugarcubes
62%
1983 The Smiths
59%
1974 Sailor
58%
1969 Caravan
52%
1975 Matchbox
49%
1968 (popular in mid 70's) Jigsaw
47%
2000 The Coral
47%
1956 The Coasters
46%
1971 Budgie
43%
1957 Poni Tails
37%
1966 The Equals
37%
1984 King
35%
1970 Little Feat
33%
2008 The Script
31%
1998 The Shins
26%
1994 Reef
18%
1963 (Mononym of a Solo Artist) Heinz
14%
1971 (UK term for vehicle. Group popular in late 70's) Sister Sledge
13%
No matching quizzes found
Score Distribution
Percent of People with Each Score
Percentile by Number Answered
Your Score History
You have not taken this quiz